000 004800000a22001090004500
773 0 _tRevista de Interpretación Bíblica Latinoamericana
100 1 _aReyes Archila, Francisco
245 1 0 _a"Y al entrar en la casa vieron al niño..." Un acercamiento al evangelio de Mateo a partir de los niños
300 _aNum. 27 (1997), Páginas 130-144
520 _a“El que juega es bueno, porque tiene alma de niño” (de un campesino colombiano de más de setenta años)
942 _cANA
999 _c52504
_d52504